UM Logo

Fundamentals of nursing / (Record no. 7872)

MARC details
000 -LEADER
fixed length control field 01524nam a2200241 4500
008 - FIXED-LENGTH DATA ELEMENTS--GENERAL INFORMATION
fixed length control field 171204b xxu||||| |||| 00| 0 eng d
020 ## - INTERNATIONAL STANDARD BOOK NUMBER
International Standard Book Number 0323025862
082 ## - DEWEY DECIMAL CLASSIFICATION NUMBER
Edition number 2005
Classification number DC 610.73
Item number P85f
100 ## - MAIN ENTRY--PERSONAL NAME
9 (RLIN) 23986
Personal name Potter, Patricia A., author.
245 ## - TITLE STATEMENT
Title Fundamentals of nursing /
Statement of responsibility, etc. Patricia A. Potter, Anne Griffin Perry.
250 ## - EDITION STATEMENT
Edition statement 6th edition.
260 ## - PUBLICATION, DISTRIBUTION, ETC. (IMPRINT)
Place of publication, distribution, etc. St. Louis, Mo. :
Name of publisher, distributor, etc. Mosby,
Date of publication, distribution, etc. ©2005.
300 ## - PHYSICAL DESCRIPTION
Extent xliii, 1,728 pages :
Other physical details color illustrations ;
Dimensions 29 cm +
Accompanying material 1 computer disc (4 3/4 in.)
500 ## - GENERAL NOTE
General note Includes bibliographical references and index.
505 ## - FORMATTED CONTENTS NOTE
Formatted contents note The client and the health care environment -- Caring throughout the life span -- Critical thinking in nursing practice -- Professional standards in nursing practice -- Psychosocial basis for nursing practice -- Scientific basis for nursing practice -- Basic human needs -- Clients with special needs.
520 ## - SUMMARY, ETC.
Summary, etc. This textbook is designed for beginning students in all types of professional nursing programs. The comprehensive coverage provides fundamental nursing concepts, skills, and techniques of nursing practice and a firm foundation for more advanced areas of study. [It] provides a contemporary approach to nursing practice, discussing the entire scope of primary, acute, and restorative care.-Pref. to the Instructor.
650 #0 - SUBJECT ADDED ENTRY--TOPICAL TERM
9 (RLIN) 23984
Topical term or geographic name as entry element Nursing
650 #0 - SUBJECT ADDED ENTRY--TOPICAL TERM
9 (RLIN) 23985
Topical term or geographic name as entry element Nursing Care
650 #0 - SUBJECT ADDED ENTRY--TOPICAL TERM
9 (RLIN) 23987
Topical term or geographic name as entry element Nursing Process
650 #0 - SUBJECT ADDED ENTRY--TOPICAL TERM
9 (RLIN) 23988
Topical term or geographic name as entry element Nurse and patient
700 ## - ADDED ENTRY--PERSONAL NAME
9 (RLIN) 23989
Personal name Perry, Anne Griffin, author.
942 ## - ADDED ENTRY ELEMENTS (KOHA)
Source of classification or shelving scheme Dewey Decimal Classification
Koha item type Circulation
Holdings
Withdrawn status Lost status Source of classification or shelving scheme Damaged status Not for loan Collection code Home library Current library Date acquired Source of acquisition Total Checkouts Full call number Barcode Date last seen Copy number Price effective from Koha item type
    Dewey Decimal Classification     Circulation UM Digos College - LIC UM Digos College - LIC 04/14/2005 Purchased   DC 610.73 P85f 2005 18087 06/08/2021 1 12/04/2017 Circulation
    Dewey Decimal Classification     Circulation UM Digos College - LIC UM Digos College - LIC 04/14/2005 Purchased   DC 610.73 P85f 2005 18088 06/08/2021 2 12/04/2017 Circulation
    Dewey Decimal Classification     Circulation UM Digos College - LIC UM Digos College - LIC 04/14/2005 Purchased   DC 610.73 P85f 2005 18089 06/08/2021 3 12/04/2017 Circulation
    Dewey Decimal Classification     Circulation UM Digos College - LIC UM Digos College - LIC 04/14/2005 Purchased   DC 610.73 P85f 2005 18190 06/08/2021 4 12/04/2017 Circulation
    Dewey Decimal Classification     Circulation UM Digos College - LIC UM Digos College - LIC 04/14/2005 Purchased   DC 610.73 P85f 2005 18191 06/08/2021 5 12/04/2017 Circulation
    Dewey Decimal Classification     Circulation UM Digos College - LIC UM Digos College - LIC   Purchased   DC 610.73 P85f 2001 15129 06/08/2021 c.1 (v.1) 12/05/2017 Circulation
    Dewey Decimal Classification     Circulation UM Digos College - LIC UM Digos College - LIC   Purchased   DC 610.73 P85f 2001 15130 06/08/2021 c.1 (v.2) 12/05/2017 Circulation